Piglet meets a Heffalump / (Record no. 7971)

MARC details
000 -LEADER
fixed length control field 01251nam a22002657a 4500
001 - CONTROL NUMBER
control field 7971
003 - CONTROL NUMBER IDENTIFIER
control field FISKH
005 - DATE AND TIME OF LATEST TRANSACTION
control field 20250815121536.0
008 - FIXED-LENGTH DATA ELEMENTS--GENERAL INFORMATION
fixed length control field 250815b cb ||||| |||| 00| 0 eng d
040 ## - CATALOGING SOURCE
Original cataloging agency FISKH
Language of cataloging eng
Transcribing agency FISKH
Modifying agency FISKH
050 ## - LIBRARY OF CONGRESS CALL NUMBER
Classification number PZ7.M64
082 ## - DEWEY DECIMAL CLASSIFICATION NUMBER
Classification number 823.912
100 ## - MAIN ENTRY--PERSONAL NAME
Personal name Milne, A. A.
245 ## - TITLE STATEMENT
Title Piglet meets a Heffalump /
Statement of responsibility, etc. A. A. Milne ; illustrated by Andrew Grey
260 ## - PUBLICATION, DISTRIBUTION, ETC.
Place of publication, distribution, etc. United States :
Name of publisher, distributor, etc. Dutton Children's book,
Date of publication, distribution, etc. 1990.
300 ## - PHYSICAL DESCRIPTION
Extent 28 unnumbered pages :
Other physical details color illustrations ;
Dimensions 15 cm
505 ## - FORMATTED CONTENTS NOTE
Formatted contents note Q<br/>
520 ## - SUMMARY, ETC.
Summary, etc. Generations of children have grown up on Winnie the Pooh's adventures with his forest friends. These sparkling audio adaptations of A.A. Milne's beloved stories-now available on CD-feature an all-star cast of readers, including Oscar winner Judi Dench. Three cheers for that silly old bear! & In Piglet meets a Heffalump, Eeyore has a birthday and gets two presents, Kanga and Baby Roo come to the Forest, Piglet has a bath, and Christopher Robin leads an expedition to the North Pole.
521 8# - TARGET AUDIENCE NOTE
Target audience note 660<br/>
Source Lexile estimate<br/><br/><br/>
521 8# - TARGET AUDIENCE NOTE
Target audience note Q<br/>
Source Raz-Plus<br/>
650 ## - SUBJECT ADDED ENTRY--TOPICAL TERM
Topical term or geographic name entry element Picture Book
Form subdivision Juvenile Fiction
700 ## - ADDED ENTRY--PERSONAL NAME
Personal name Grey, Andrew
Relator term illustrator
942 ## - ADDED ENTRY ELEMENTS (KOHA)
Source of classification or shelving scheme Dewey Decimal Classification
Koha item type Books
Suppress in OPAC No
Holdings
Withdrawn status Lost status Source of classification or shelving scheme Damaged status Not for loan Collection Home library Current library Shelving location Date acquired Total Checkouts Full call number Barcode Date last seen Date last checked out Copy number Price effective from Koha item type
    Dewey Decimal Classification     Juvenile Fiction Footprints International School Library Network Toul Kork Campus Footprints International School Library Network Toul Kork Campus TK Primary Library Room(4th Floor), Bookcase 5&6, Shelves 33-56, Orange Books 08/15/2025 1 MIL 823.912 PZ7.M64 FISBK07018 09/12/2025 08/29/2025 1 08/15/2025 Books